|
|
|
|
| LEADER |
00000nkm a2200000 4500 |
| 001 |
vtls011924735 |
| 003 |
SK-MaSNL |
| 005 |
20260301102751.0 |
| 007 |
kf co |
| 008 |
240409q1987 xo g 00 k|slo |
| 015 |
|
|
|a SNBG1987
|
| 035 |
|
|
|a urn:nbn:sk:snk-km00ebyj
|
| 035 |
|
|
|a urn:nbn:sk:snk-km43f7o
|
| 035 |
|
|
|a 829D289A-00CA-4915-B0FA-CD90636DF7E8
|
| 040 |
|
|
|a SNK
|b slo
|c SNK
|e rda
|
| 041 |
0 |
|
|a slo
|
| 044 |
|
|
|a xo
|c SK
|
| 072 |
|
7 |
|a 93/94
|x Dejiny (všeobecne)
|2 konspekt
|
| 080 |
|
|
|a 93/94
|2 2011
|
| 080 |
|
|
|a (084.5)
|2 2011
|
| 245 |
0 |
0 |
|a Dni európskeho dedičstva 2000
|h grafika
|b propagačný plagát
|
| 264 |
|
1 |
|a [Slovensko]
|b [vydavateľ neznámy]
|c 2000
|
| 300 |
|
|
|a 1 plagát
|b farebný
|c 44 x 63 cm
|
| 336 |
|
|
|a statický obraz
|b sti
|2 rdacontent
|
| 336 |
|
|
|a text
|b txt
|2 rdacontent
|
| 337 |
|
|
|a bez média
|b n
|2 rdamedia
|
| 338 |
|
|
|a list
|b nc
|2 rdacarrier
|
| 500 |
|
|
|a Dátum vydania nie je určený.
|
| 520 |
|
|
|a Zobrazenie: na čiernom podklade text bielej farby, v hornej časti farebné fotografie artefaktov kultúrneho dedičstva, uprostred v dolnej časti veľká kamenná kocka s vyrytým znakom európskeho kultúrneho dedičstva.
|
| 655 |
|
7 |
|a plagáty
|2 SNKPH
|9 70571
|
| 852 |
|
|
|a Slovenská národná knižnica v Martine
|
| 958 |
|
|
|a CP
|
| 958 |
|
|
|a TL
|
| 999 |
|
|
|c 693021
|d 694951
|
| 952 |
|
|
|a SNKLM
|b SNKLM
|y PREZ
|7 0
|p 17A1406197
|o snklm L 3118
|i snklm 14/2002
|8 7
|0 0
|1 0
|4 0
|d 2020-03-18
|f 1
|l 0
|r 2026-02-23 20:32:54
|w 2026-02-23
|